000 00393 a2200121 4500
001 ART_5912
005 20260410161828.0
008 260409a
245 1 0 _aLa estructura de capital de las pequeñas y medianas empresas argentinas
100 1 _aVigier, Hernán
700 1 _aBriozzo, Anahí
773 0 _tEstudios Económicos
_g- Vol. 26, Nº 53 (jul./dic. 2009)
_wREV5080
999 _c23002
_d23002